Quản lý công tác liên kết với doanh nghiệp trong hoạt động đào tạo ở Trường Trung cấp nghề Quảng Ngãi
Trên cơ sở nghiên cứu lý luận và thực tiễn của quản lý công tác liên kết với doanh nghiệp trong hoạt động đào tạo nghề, đề tài tập trung đề xuất các biện pháp quản lý công tác liên kết với doanh nghiệp trong hoạt động đào tạo ở Trƣờng Trung cấp nghề Quảng Ngãi trong giai đoạn hiện nay nhằm nâng cao...
में बचाया:
| मुख्य लेखक: | |
|---|---|
| अन्य लेखक: | |
| स्वरूप: | पुस्तक |
| प्रकाशित: |
Đà Nẵng
Trường Đại học sư phạm Đà Nẵng
2017
|
| विषय: | |
| टैग : |
टैग जोड़ें
कोई टैग नहीं, इस रिकॉर्ड को टैग करने वाले पहले व्यक्ति बनें!
|
| Thư viện lưu trữ: | Mạng thư viện Đại học Đà Nẵng |
|---|
| LEADER | 01939nam a2200337 4500 | ||
|---|---|---|---|
| 001 | 000025031 | ||
| 003 | 21522 | ||
| 005 | 20170419160438.0 | ||
| 008 | 170417s2017 sd | ||
| 082 | 1 | 4 | |a 373.246 |b TR-X |
| 100 | 1 | |a Trần Thị Xuân | |
| 245 | 1 | |a Quản lý công tác liên kết với doanh nghiệp trong hoạt động đào tạo ở Trường Trung cấp nghề Quảng Ngãi |c Trần Thị Xuân ; Trần Văn Hiếu hướng dẫn. |k Luận văn Thạc sĩ | |
| 260 | |a Đà Nẵng |b Trường Đại học sư phạm Đà Nẵng |c 2017 | ||
| 300 | |a 95 tr., phụ lục 30 tr. |c 29 cm. |e Tóm tắt | ||
| 500 | |a Luận văn thạc sĩ Giáo dục học. Chuyên ngành: Quản lý giáo dục. Mã số: 60.14.01.14 | ||
| 520 | 3 | |a Trên cơ sở nghiên cứu lý luận và thực tiễn của quản lý công tác liên kết với doanh nghiệp trong hoạt động đào tạo nghề, đề tài tập trung đề xuất các biện pháp quản lý công tác liên kết với doanh nghiệp trong hoạt động đào tạo ở Trƣờng Trung cấp nghề Quảng Ngãi trong giai đoạn hiện nay nhằm nâng cao chất lượng đào tạo. | |
| 650 | 0 | 4 | |a Giáo dục nghề |v Luận văn tốt nghiệp |x Liên kết doanh nghiệp |z Quảng Ngãi |
| 653 | |a Quản lý giáo dục | ||
| 653 | |a Giáo dục dạy nghề | ||
| 653 | |a Liên kết doanh nghiệp | ||
| 700 | 1 | |a Trần Văn Hiếu |c PGS.TS. |e Hướng dẫn | |
| OWN | |a LSP | ||
| AVA | |a UDN50 |b LSP |d 373.246 TR-X |e available |t Error 5001 Not defined in file expand_doc_bib_avail. |f 1 |g 0 |h N |i 0 |k 1 | ||
| 999 | |a From the UDN01 | ||
| AVA | |a UDN50 |b LSP |d 373.246 TR-X |e available |t Error 5001 Not defined in file expand_doc_bib_avail. |f 1 |g 0 |h N |i 0 |k 1 | ||
| TYP | |a Monograph | ||
| TYP | |a Printed language | ||
| 980 | |a Mạng thư viện Đại học Đà Nẵng | ||